Podaj kraj na podstawie klubu piłkarskiego - Statystyki

Ogólne statystyki
  • Ten quiz został rozwiązany 49 razy
  • Średni wynik to 6 z 10
Statystyki odpowiedzi
Kluby Państwo % Poprawnych
Alanyaspor, Antalyaspor Turcja
93%
FK Novi Pazar, Spartak Subotica Serbia
76%
Servette FC, FC Winterthur Szwajcaria
74%
FC Honka, Vaasan Palloseura Finlandia
70%
Gil Vicente FC, FC Vizela Portugalia
70%
HNK Gorica, NK Istra 1961 Chorwacja
67%
FC Differdange 03, UNA Strassen Luksemburg
59%
Volna Pinsk, Niva Dolbizno Białoruś
50%
OFK Petrovac, FK Jezero Plav Czarnogóra
41%
FC Hegelmann, FK Riteriai Litwa
28%
Nie znaleziono quizów pasujących do podanych kryteriów
Rozkład punktacji
Procent ludzi z każdym wynikiem
Percentyl według liczby udzielonych odpowiedzi
Twoja historia wyników
Nie rozwiązałeś tego quizu